00656nam a2200205Ia 4500003000400000005001700004008004100021020001500062040001800077041000800095082001800103100002200121245009100143250001200234260006600246300003300312650002000345650003000365650005500395OSt20241009111750.0210716s2003 xx 000 0 und d a0070486689 cAIMIT LIBRARY aeng a382 24bHILC aHill, Charles W . aInternational business : bcompeting in the global marketplace /cBy Charles W L Hill. a4th ed. aNew Delhi :bTata McGraw Hill Publishing Company Ltd ,c2003. axxviii,703p. ;bPBc28.7 cm aCountry factors aForeign direct investment aThe political economy of foreign direct investment